000 00542nab a2200193 a 4500
005 20210219155307.0
008 991125s1985 mx 000 0 spa u
035 _aUPN01000142373
100 1 _aIncháustegui Romero, Teresa
222 0 _aPSICOLOGIA IBEROAMERICANA
245 0 4 _aLos avatares de la familia al final del siglo XX : una revisión del concepto
260 _aMéxico
300 _a6-13
362 0 _a2001 Vol. 9, no. 1, mar.
653 0 _aFAMILIA
653 0 _aMUJERES
653 0 _aPOLITICA SOCIAL
905 _aArticulo
999 _c114520
_d114520